000 00438cam a22001457a 4500
008 180718b1990 xxu||||| |||| 00| 0 eng d
020 _a8121100283
082 _aO91x54 B221
100 _aBenerjee, L.K.
245 _aMangroves of Orissa coast and their ecology
_cby L.K. Banerjee and T.A. Rao
260 _aDehradun
_bBishen Singh Mahendra Pal Singh
_c1990
300 _a118p.
650 _aMangrove plants - India
700 _aRao, T.A.
999 _c400350
_d400350